000 00573nam a2200193Ia 4500
005 20250508160706.0
008 008 250505s9999 xx 000 0 eng d
037 _aTextual
040 _aFEDL
_beng
_cFEDL
041 _aeng
_2eng
084 _a155.45, MIT
_qFEDL
100 _aMittler Peter Ed.
_9596811
245 0 _aPsychological assessment of mental and physical handicaps
260 _aLondon, UK
_bMethuen and Co. Ltd.
_c1970
300 _axxviii,857p.
650 _aChild Psychology
942 _cTEXL
_h155.45, MIT
999 _c1366056
_d1366056